| 000 | 00906nam a22002177a 4500 | ||
|---|---|---|---|
| 999 |
_c2446 _d2446 |
||
| 003 | AR-CdUCM | ||
| 008 | 190304b ||||| |||| 00| 0 spa d | ||
| 040 |
_aMUNICIPALIDAD PROVINCIAL DEL CUSCO _cBIBLIOTECA MUNICIPAL DEL CUSCO |
||
| 082 |
_a348.66 / _bC29 |
||
| 100 |
_aCarpio, Guillermo Del _98760 |
||
| 245 | _aPlumbismo ocupacional en muestro medio / | ||
| 260 |
_aLima : _c1966. |
||
| 300 |
_a135 paginas ; _c21 cm. |
||
| 505 | _aLas enfermedades ocupacionales o profesionales tecnopatias -- El plumbismo como paradigma de enfermedad ocupacional -- El plumbismo como una de las mas antiguas y persistentes intoxicaciones -- Estudio de contaminante industrial plomo en la planta metalúrgica de la Oroya ... | ||
| 650 |
_aenfermedad ocupacional _98761 |
||
| 650 |
_aMedicina _93637 |
||
| 650 |
_aContaminación industrial _98762 |
||
| 650 |
_aPlumbismo _98763 |
||
| 942 |
_2ddc _cLIBROS |
||
| 945 | _aacv | ||